Slovenská architektúra a česká avantgarda 1918-1939

Bibliographic Details
Main Author: Foltyn, Ladislav, 1906-2002 (Author)
Other Authors: Kocková, Helena (Illustrator)
Format: Book
Language:Slovak
PhysicalDescription:238 s. ilustr. 28 cm
Published: Bratislava Vydavateľstvo Spolku architektov Slovenska 1993
ISBN:8090048366
Subjects:

MARC

LEADER 00000cam a2200000 a 4500
001 vtls001075557
003 SK-MaSNL
005 20260301111054.0
008 250414s1993 xo p grn 00000 slo
015 |a SNBA1993/08 
020 |a 8090048366  |q (viaz.) 
035 |a SNK000018390 
035 |a urn:nbn:sk:snk-amlhce 
035 |a urn:nbn:sk:snk-am00bq4l 
035 |a C15CA99E-9701-4300-87B6-0310202AD33B 
040 |a SNK  |b slo  |c SNK  |e AACR2 
041 0 |a slo 
044 |a xo  |c SK 
072 7 |a 72  |x Architektúra  |2 konspekt 
072 7 |a 08  |x Súborné diela  |2 konspekt 
080 |a 728(437)(091)"1918/1939"  |2 1981 
080 |a 72(437.6)  |2 2011 
080 |a 72(437.1/.3)  |2 2001 
080 |a 72(091)  |2 2011 
080 |a (048.8)  |2 2011 
100 1 |a Foltyn, Ladislav,  |d 1906-2002  |4 aut 
245 1 0 |a Slovenská architektúra a česká avantgarda 1918-1939  |c Ladislav Foltyn ; kresby Helena Kocková 
260 |a Bratislava  |b Vydavateľstvo Spolku architektov Slovenska  |c 1993 
300 |a 238 s.  |b ilustr.  |c 28 cm 
504 |a Bibliografia na s. 225-238 
648 7 |a 1918-1939  |2 SNKPH  |9 283412 
650 0 7 |a slovenská architektúra  |2 SNKPH  |9 2967 
650 0 7 |a česká architektúra  |2 SNKPH  |9 2960 
650 0 7 |a dejiny architektúry  |2 SNKPH  |9 83476 
655 7 |a odborné publikácie  |2 SNK  |9 60423 
655 7 |a monografie  |2 SNKPH  |9 70139 
700 1 |a Kocková, Helena  |4 ill  |9 370759 
852 |a Slovenská národná knižnica 
919 |a 80-900483-6-6 
954 |a odborná, vedecká literatúra pôvodná (slovenská)  |2 lita 
958 |a TL 
958 |a NB 
958 |a CZ 
958 |a OND 
958 |a RK 
999 |c 705368  |d 707298 
952 |a SNK  |b SNK  |y PREZ  |7 0  |p 17A0905625  |o snkSB 52686  |i snkKSP 5960/94  |0 0  |1 0  |4 0  |d 2013-03-07  |f 1  |l 0  |r 2025-03-18 00:00:00  |w 2026-02-23 
952 |a SNK  |b SNK  |y VYP  |7 0  |p 17A0075068  |o snkSB 52686 D1  |i snkKSP 5961/94  |0 0  |1 0  |4 0  |d 1997-07-07  |l 0  |r 2004-12-31 00:00:00  |w 2026-02-23